00414nam a2200145 a 450000500170000000800410001702000180005805000290007610000230010524500540012826000510018230000090023350000150024265000110025720140412111339.0081008s19uu xx 00 eng d a0-439-11765-8 aTR(GS 808.0688bS35 2000 aSweeney, Jaqueline aPoetry - Writing activities /cJaqueline Sweeney. aU.S.A :bScholastic Professional books,c2000. a56p. aGrades 2-4 aPoetry